| 000 | 01708cam a2200325 i 4500 | ||
|---|---|---|---|
| 003 | SA-RiAUC | ||
| 005 | 20250415080115.0 | ||
| 008 | 250415s1983 ii g 001 0 ara c | ||
| 040 |
_aEG-CaDAJ _bara _cSA-RiAUC _erda |
||
| 082 | 0 | 4 |
_a237.2 _qSA-RiAUC |
| 090 |
_a237.2 _b ج ل ا |
||
| 100 | 1 |
_aالجلال السيوطي، عبد الرحمن بن أبي بكر بن محمد، _d849-911 هجري _eمؤلف. |
|
| 245 | 1 | 0 |
_aمسند عثمان بن عفان رضي الله عنه من مسانيد الصحابة رضوان الله عليهم أجمعين / _cتأليف جلال الدين عبد الرحمن بن أبي بكر بن محمد السيوطي ؛ اعتنى بتصحيحه والتعليق عليه ونشره عزيز بك. |
| 250 | _aالطبعة الأولى. | ||
| 264 | 1 |
_a[مكان النشر غير محدد] : _b[الناشر غير محدد]، _c1983 |
|
| 264 | 3 |
_aحيدر آباد الدكن، الهند : _bالمطبعة العزيزية |
|
| 300 |
_a132 صفحة ؛ _c24 سم |
||
| 336 |
_aنص _btxt _2rdacontent _3كتاب |
||
| 337 |
_aبدون وسيط _bn _2rdamedia |
||
| 338 |
_aمجلد _bnc _2rdacarrier |
||
| 500 | _aمقابل عن النسخ القديمة بمكتبة السعيدية وغيرها بحيدر آباد. | ||
| 500 | _aيشتمل على كشاف. | ||
| 650 | 7 |
_aالحديث _xمسند عثمان بن عفان _2aucsh |
|
| 650 | 7 |
_aالحديث _xالمسانيد _2aucsh |
|
| 650 | 7 |
_aالحديث _xرواية _2aucsh |
|
| 650 | 7 |
_aالحديث _xالجوامع (عدا ما ذكر في الكتب الستة) _2aucsh |
|
| 700 | 0 |
_aعزيز، _cبك _eمراجع. |
|
| 942 |
_2ddc _cBOOK _n0 |
||
| 949 |
_aSA-JeALM _d250415 _umohamedma123 _n1 |
||
| 999 |
_c7083 _d7083 |
||